Legislación de valores 2013
Guardat en:
| Autor principal: | |
|---|---|
| Format: | Llibre |
| Idioma: | espanyol |
| Publicat: |
Santiago
Superintendencia de Valores y Seguros
2013
|
| Edició: | 1a. ed |
| Matèries: | |
| Etiquetes: |
Afegir etiqueta
Sense etiquetes, Sigues el primer a etiquetar aquest registre!
|
MARC
| LEADER | 00000cam a2200000 a 4500 | ||
|---|---|---|---|
| 001 | UCE1503 | ||
| 003 | CL-VaPUC | ||
| 008 | 140502e20130000cl |||||||||||||||||spa|d | ||
| 020 | |a 9789567518159 | ||
| 082 | 0 | 4 | |a 346.09 |b VAS |2 21 |
| 100 | 0 | |a Vásquez Villagra, Orlando |e author |9 573844 | |
| 245 | 1 | 0 | |a Legislación de valores 2013 |
| 250 | |a 1a. ed | ||
| 300 | |a 768 p | ||
| 942 | |c BK | ||
| 945 | |d 20140502 10:02:00 |a dcastane | ||
| 260 | |a Santiago |b Superintendencia de Valores y Seguros |c 2013 | ||
| 650 | 0 | |a Mercado de valores |9 378123 | |
| 650 | 7 | |a SEGUROS |2 CL-VaPUC |9 573845 | |
| 650 | 0 | |a Bolsa de valores |9 329250 | |
| 650 | 0 | |a Mercado de capitales |9 330596 | |
| 650 | 0 | |a Sociedades anónimas |9 255387 | |
| 583 | |a last modification |c 20140502 10:02:00 |k Rodrigo Vera | ||
| 999 | |c 355279 |d 355277 | ||
| 952 | |0 0 |1 0 |3 erb |4 0 |6 346_090000000000000_VAS_2013 |7 0 |8 A |9 461926 |a BIBGIM |b BIBGIM |i 5070651 |o 346.09 VAS 2013 |p 5070651 |r 2025-01-15 |w 2019-11-23 |y BK |z Catalogado en:20140502 |k COM | ||
| 952 | |0 0 |1 0 |3 erb |4 0 |6 346_090000000000000_VAS_2013 |7 0 |8 A |9 461927 |a BIBGIM |b BIBGIM |i 507066K |o 346.09 VAS 2013 |p 507066K |r 2025-01-15 |w 2019-11-23 |y BK |z Catalogado en:20140502 |k COM | ||
| 952 | |0 0 |1 0 |3 erb |4 0 |6 346_090000000000000_VAS_2013 |7 0 |8 A |9 461928 |a BIBGIM |b BIBGIM |i 5070678 |o 346.09 VAS 2013 |p 5070678 |r 2025-01-15 |w 2019-11-23 |y BK |z Catalogado en:20140502 |k COM | ||